| 000 | 00448nam a2200145Ia 4500 | ||
|---|---|---|---|
| 008 | 210716s2005 xx 000 0 und d | ||
| 041 | _aeng | ||
| 082 | _a153.69 PEAA | ||
| 100 | _aPease, Allan. | ||
| 245 |
_aBody language: how to read other's thoughts by their gestures. _bHow to read other's thoughts by their gestures. |
||
| 250 | _a1 | ||
| 260 |
_aNew Delhi _bSudha publications(P) Ltd. _c2005 |
||
| 300 | _a152 | ||
| 650 | _aGeneral Knowledge | ||
| 999 |
_c201622 _d201622 |
||